| 000 -LEADER |
| fixed length control field |
01691cam a2200385 a 4500 |
| 001 - CONTROL NUMBER |
| control field |
655419 |
| 003 - CONTROL NUMBER IDENTIFIER |
| control field |
OSt |
| 005 - DATE AND TIME OF LATEST TRANSACTION |
| control field |
20170204091922.0 |
| 008 - FIXED-LENGTH DATA ELEMENTS--GENERAL INFORMATION |
| fixed length control field |
940309s1994 sp a bc 000 0 eng d |
| 010 ## - LIBRARY OF CONGRESS CONTROL NUMBER |
| LC control number |
94060248 |
| 020 ## - INTERNATIONAL STANDARD BOOK NUMBER |
| International Standard Book Number |
0300058632 (cloth) |
| 020 ## - INTERNATIONAL STANDARD BOOK NUMBER |
| International Standard Book Number |
0300058640 (pbk.) |
| 035 ## - SYSTEM CONTROL NUMBER |
| System control number |
(OCoLC)30100808 |
| 040 ## - CATALOGING SOURCE |
| Original cataloging agency |
OCA |
| Transcribing agency |
OCA |
| Modifying agency |
IU |
| -- |
DLC |
| 042 ## - AUTHENTICATION CODE |
| Authentication code |
lccopycat |
| 050 00 - LIBRARY OF CONGRESS CALL NUMBER |
| Classification number |
ND813.G7A4 1994 |
| 082 00 - DEWEY DECIMAL CLASSIFICATION NUMBER |
| Classification number |
759.6 |
| Edition number |
20 |
| 100 1# - MAIN ENTRY--PERSONAL NAME |
| Personal name |
Wilson-Bareau, Juliet. |
| Dates associated with a name |
1994 |
| 245 10 - TITLE STATEMENT |
| Title |
Goya : |
| Remainder of title |
truth and fantasy : the small paintings / |
| Statement of responsibility, etc. |
exhibition curated by Juliet Wilson-Bareau, Manuela B. Mena Marqués. |
| 260 ## - PUBLICATION, DISTRIBUTION, ETC. (IMPRINT) |
| Place of publication, distribution, etc. |
Madrid : |
| Name of publisher, distributor, etc. |
Museo del Prado ; |
| Place of publication, distribution, etc. |
London : |
| Name of publisher, distributor, etc. |
Royal Academy of Arts ; |
| Place of publication, distribution, etc. |
Chicago : |
| Name of publisher, distributor, etc. |
Art Institute of Chicago, |
| Date of publication, distribution, etc. |
1994. |
| 300 ## - PHYSICAL DESCRIPTION |
| Extent |
384 p. : |
| Other physical details |
ill. (some col.) ; |
| Dimensions |
30 cm. |
| 500 ## - GENERAL NOTE |
| General note |
Includes bibliographical references |
| 600 10 - SUBJECT ADDED ENTRY--PERSONAL NAME |
| Personal name |
Goya, Francisco, |
| Dates associated with a name |
1746-1828 |
| General subdivision |
Exhibitions. |
| 700 1# - ADDED ENTRY--PERSONAL NAME |
| Personal name |
Mena, Manuela. |
| 710 2# - ADDED ENTRY--CORPORATE NAME |
| Corporate name or jurisdiction name as entry element |
Museo del Prado. |
| 710 2# - ADDED ENTRY--CORPORATE NAME |
| Corporate name or jurisdiction name as entry element |
Royal Academy of Arts (Great Britain) |
| 710 2# - ADDED ENTRY--CORPORATE NAME |
| Corporate name or jurisdiction name as entry element |
Art Institute of Chicago. |
| 906 ## - LOCAL DATA ELEMENT F, LDF (RLIN) |
| a |
7 |
| b |
cbc |
| c |
copycat |
| d |
2 |
| e |
opcn |
| f |
19 |
| g |
y-gencatlg |
| 942 ## - ADDED ENTRY ELEMENTS (KOHA) |
| Source of classification or shelving scheme |
|
| Koha item type |
Hard Covered Materials |
| Classification part |
ND813.G7A4 1994 |
| Call number prefix |
33966 |